BSOP header

故事神學 Tell us our names : (Record no. 2702)

MARC details
000 -LEADER
fixed length control field 00757nam a2200205 4500
008 - FIXED-LENGTH DATA ELEMENTS--GENERAL INFORMATION
fixed length control field 010730s1989 us 0 chiYA
020 ## - INTERNATIONAL STANDARD BOOK NUMBER
International Standard Book Number 0883445123
020 ## - INTERNATIONAL STANDARD BOOK NUMBER
International Standard Book Number 9572029398
020 ## - INTERNATIONAL STANDARD BOOK NUMBER
International Standard Book Number 9789572029398
090 ## - LOCALLY ASSIGNED LC-TYPE CALL NUMBER (OCLC); LOCAL CALL NUMBER (OCLC)
Classification number (OCLC) (R) ; Classification number, CALL (RLIN) (NR) BT30.A8
Local cutter number (OCLC) ; Book number/undivided call number, CALL (RLIN) So5t
100 1# - MAIN ENTRY--PERSONAL NAME
Personal name 宋泉盛 Song, C. S.,
Fuller form of name (Choan-Seng),
Dates associated with a name 1920-
245 10 - TITLE STATEMENT
Title 故事神學 Tell us our names :
Remainder of title story theology from an Asian perspective {ch} /
Statement of responsibility, etc 宋泉盛 C.S. Song
260 ## - PUBLICATION, DISTRIBUTION, ETC. (IMPRINT)
Place of publication, distribution, etc New York :
Name of publisher, distributor, etc 人光出版社 Orbis,
Date of publication, distribution, etc c1989.
300 ## - PHYSICAL DESCRIPTION
Extent 441 p.
504 ## - BIBLIOGRAPHY, ETC. NOTE
Bibliography, etc Includes bibliographical refernces,
650 #4 - SUBJECT ADDED ENTRY--TOPICAL TERM
Topical term or geographic name as entry element Story-telling (Christian theology) {ch}
651 #4 - SUBJECT ADDED ENTRY--GEOGRAPHIC NAME
Geographic name 神學類 Theology, Doctrinal
Geographic subdivision Asian {ch}
951 ## - EQUIVALENCE OR CROSS-REFERENCE-GEOGRAPHIC NAME/AREA NAME [OBSOLETE] [CAN/MARC only]
General subdivision 00014575
950 0# - LOCAL HOLDINGS (RLIN)
-- 00
951 ## - EQUIVALENCE OR CROSS-REFERENCE-GEOGRAPHIC NAME/AREA NAME [OBSOLETE] [CAN/MARC only]
-- C-2820
-- BT30.A8/So5t
-- 070613110942078
-- 2000-12-21
-- CH
Holdings
Withdrawn status Lost status Damaged status Not for loan Home library Current library Shelving location Date acquired Accession number Shelving control number Total Checkouts Full call number Barcode Date last seen Price effective from Koha item type
        BSOP Library BSOP Library Chinese Books (General Circulation) 12/21/2000 C-2820 127   BT30.A8/So5t 00014575 02/23/2013 02/23/2013 Books
BSOP

Biblical Seminary of the Philippines
  All rights Reserved
  © 2024

CONTACT INFORMATION

Biblical Seminary of the Philippines,
  77-B Karuhatan Road, Valenzuela City,
  PHILIPPINES 1441
  Phone: +632 8292-6795 / 8292-6798
  Fax : +632 8292-6675
  Email: library@bsop.edu.ph